000 00862nam a2200217 a 4500
003 0
005 20250411111242.0
008 970101s19uu xx 00 eng d
050 _aPGS LB 3602
_b.P139 2004
100 _aPaguyo, Inna Bianca G.
245 _aAdvantages and disadvantages of having food allowance among grade six students of Southville International School and Colleges /
_cInna Bianca G. Paguyo.
260 _aLas PiƱas City, Philippines :
_bSouthville International School and Colleges,
_c2004.
300 _a20 pages :
_billustrations ;
_c28 cm.
504 _aIncludes bibliographical references.
650 _aSchool children
_vAllowances.
650 _aStudents
_vEconomic conditions.
650 _aFood allowances.
650 _aSchool children
_vNutrition.
650 _aSchool children
_vFinance, Personal.
942 _2lcc
_cPASS
999 _c97036
_d97036